5HLuxD.jpg

KING HENRY VIII SENIOR AND PRIMARY SCHOOL LIBRARY OPAC

All about trains / (Record no. 1380)

000 -LEADER
fixed length control field 01449cam a2200349 i 4500
001 - CONTROL NUMBER
control field 18994930
003 - CONTROL NUMBER IDENTIFIER
control field OSt
005 - DATE AND TIME OF LATEST TRANSACTION
control field 20221229084711.0
008 - FIXED-LENGTH DATA ELEMENTS--GENERAL INFORMATION
fixed length control field 160217s2017 nyua j b 001 0 eng c
010 ## - LIBRARY OF CONGRESS CONTROL NUMBER
LC control number 2015048711
020 ## - INTERNATIONAL STANDARD BOOK NUMBER
International Standard Book Number 9781680484540 (pbk. : alk. paper)
040 ## - CATALOGING SOURCE
Original cataloging agency PSt/DLC
Language of cataloging eng
Description conventions rda
Transcribing agency PSt
Modifying agency DLC
042 ## - AUTHENTICATION CODE
Authentication code pcc
082 00 - DEWEY DECIMAL CLASSIFICATION NUMBER
Classification number 625.2 CIO
Edition number 23
100 1# - MAIN ENTRY--PERSONAL NAME
Personal name Ciovacco, Justine,
Relator term author.
245 10 - TITLE STATEMENT
Title All about trains /
Statement of responsibility, etc. Justine Ciovacco.
250 ## - EDITION STATEMENT
Edition statement First edition.
264 #1 - PRODUCTION, PUBLICATION, DISTRIBUTION, MANUFACTURE, AND COPYRIGHT NOTICE
Place of production, publication, distribution, manufacture New York :
Name of producer, publisher, distributor, manufacturer Britannica Educational Publishing in association with Rosen Educational Services,
Date of production, publication, distribution, manufacture, or copyright notice 2017.
300 ## - PHYSICAL DESCRIPTION
Extent 32 pages :
Other physical details chiefly color illustrations ;
Dimensions 21 cm
336 ## - CONTENT TYPE
Content type term text
Source rdacontent
337 ## - MEDIA TYPE
Media type term unmediated
Source rdamedia
338 ## - CARRIER TYPE
Carrier type term volume
Source rdacarrier
490 0# - SERIES STATEMENT
Series statement Let's find out! Transportation
504 ## - BIBLIOGRAPHY, ETC. NOTE
Bibliography, etc. note Includes bibliographical references and index.
505 0# - FORMATTED CONTENTS NOTE
Formatted contents note Coming down the tracks -- Trains on the run -- Tracking train history -- Building a path -- Helping people on the move -- Riding the bullet -- The magic of MAGLEVs -- Making things move -- Keeping track of trains -- Train hall of fame -- The end of the line.
650 #0 - SUBJECT ADDED ENTRY--TOPICAL TERM
Topical term or geographic name entry element Railroad trains
Form subdivision Juvenile literature.
650 #0 - SUBJECT ADDED ENTRY--TOPICAL TERM
Topical term or geographic name entry element Railroads
Form subdivision Juvenile literature.
650 #0 - SUBJECT ADDED ENTRY--TOPICAL TERM
Topical term or geographic name entry element Railroad travel
Form subdivision Juvenile literature.
906 ## - LOCAL DATA ELEMENT F, LDF (RLIN)
a 7
b cbc
c orignew
d 1
e ecip
f 20
g y-gencatlg
942 ## - ADDED ENTRY ELEMENTS (KOHA)
Source of classification or shelving scheme
Koha item type Books - Non Ficton
Holdings
Withdrawn status Lost status Source of classification or shelving scheme Damaged status Not for loan Collection code Permanent Location Current Location Shelving location Date acquired Total Checkouts Full call number Barcode Date last seen Date last checked out Price effective from Koha item type
          Non-Fiction KH8 Primary School Library KH8 Primary School Library Non Fiction 2022-12-29 4 625.2 CIO KHPL000003157 2025-12-05 2025-09-10 2022-12-29 Books - Non Ficton

Powered By KH8 IT Dept